000 00617nam a22002177a 4500
999 _c17769
_d17769
003 AR-CdUCM
008 190325b ||||| |||| 00| 0 spa d
020 _a84-02-06708-5
040 _aMUNICIPALIDAD PROVINCIAL DEL CUSCO
_cBIBLIOTECA MUNICIPAL DEL CUSCO
082 _a828.9 /
_bG79
100 _aGreene, Graham
_91162
245 _aEl americano impasible /
260 _aBuenos Aires :
_bEmece,
_c1956.
300 _a267 páginas ;
_c20 cm.
440 _aGrandes novelistas
_937701
505 _aContenido : novela.
650 _aNovela
_95
650 _aLiteratura
_983
942 _2ddc
_cLIBROS
945 _arcc